Nursing ethics : across the curriculum and into practice /

Bibliographic Details
Main Author: Butts, Janie B.
Other Authors: Rich, Karen L.
Format: Book
Language:English
Published: Burlington, Mass. : Jones & Bartlett Learning, [2013]
Edition:Third edition.
Subjects:

MARC

Tag First Indicator Second Indicator Subfields
LEADER 00000cam a2200000 a 4500
001 in00004520139
005 20211111123804.0
008 110907s2013 mau b 001 0 eng
010 |a  2011037565 
020 |a 9781449622183 (pbk.) 
020 |a 1449622186 (pbk.) 
020 |a 9781449649005 (pbk.) 
020 |a 1449649009 (pbk.) 
035 |a (OCoLC)ocn751922177 
035 |a (OCoLC)751922177 
035 |z (UtOrBLW)56890 
035 |a 80899 
040 |a DNLM/DLC  |b eng  |c DLC  |d YDX  |d NLM  |d YDXCP  |d BWX  |d OCLCO  |d VET  |d JVD  |d TMV  |d UtOrBLW 
042 |a pcc 
049 |a TMVM 
060 4 |a WY 85  |b B989n 2013 
100 1 |a Butts, Janie B. 
245 1 0 |a Nursing ethics :  |b across the curriculum and into practice /  |c Janie B. Butts, Karen L. Rich. 
250 |a Third edition. 
264 1 |a Burlington, Mass. :  |b Jones & Bartlett Learning,  |c [2013] 
264 4 |c ©2013 
300 |a xvii, 467 pages ;  |c 23 cm. 
336 |a text  |2 rdacontent  |b txt 
337 |a unmediated  |2 rdamedia 
338 |a volume  |2 rdacarrier  |b nc 
504 |a Includes bibliographical references and index. 
650 0 |a Nursing ethics. 
650 2 |a Ethics, Nursing. 
650 2 |a Nurse-Patient Relations  |x ethics. 
700 1 |a Rich, Karen L. 
999 |a MARS 
999 f f |s 6ca8a0a4-e356-385b-93d0-6449359862ea  |i da7f64e6-e02d-30eb-a43f-a1ebc3cfe54d  |t 0 
952 f f |p normal  |a Texas A&M University  |b College Station  |c Medical Sciences Library  |d MSL: Book Stacks  |t 0  |e WY 85 B989n 2013  |h National Library of Medicine classification  |i unmediated -- volume  |m 3238902294256 
998 f f |a WY 85 B989n 2013  |t 0  |l MSL: Book Stacks